000 00561nam a2200181Ia 4500
005 20250508155539.0
008 008 250505s9999 xx 000 0 eng d
037 _aBooks to be hide in OPAC
040 _aFEDL
_beng
_cFEDL
041 _aeng
_2eng
084 _a375, IND/O
_qFEDL
245 0 _aSyllabus for three-year diploma course in rural services for the year 1959 and 1960
245 0 _cIndia, Government Of.... Education (Ministry Of...)
260 _c1959
300 _av,128p.
942 _cHB
_h375, IND/O
999 _c1357625
_d1357625